Localización, cuantificación y análisis de los asentamientos de tugurios en Costa Rica /
সংরক্ষণ করুন:
| প্রধান লেখক: | |
|---|---|
| অন্যান্য লেখক: | |
| বিন্যাস: | পাঠ্য |
| প্রকাশিত: |
San José:
Instituto Mixto de Ayuda Social
|
| ট্যাগগুলো: |
ট্যাগ যুক্ত করুন
কোনো ট্যাগ নেই, প্রথমজন হিসাবে ট্যাগ করুন!
|
MARC
| LEADER | 00000 a a2200000 04500 | ||
|---|---|---|---|
| 001 | 14406 | ||
| 003 | |||
| 040 | |||
| 090 | |a 022700 | ||
| 100 | |a Castro Chacón, Víctor | ||
| 245 | |a Localización, cuantificación y análisis de los asentamientos de tugurios en Costa Rica / |c Víctor Castro Chacón | ||
| 260 | |a San José: |b Instituto Mixto de Ayuda Social | ||
| 300 | |a 26 p. | ||
| 700 | |a Carcache Ch, Percibal | ||
| 999 | |c 11110 |d 11110 | ||
